Kapitoly z dějin Čs. rozhlasu

Korporativní autor: Československý rozhlas
Další autoři: Fuksík, Mansvet
Jazyk: Čeština
Vydáno: Praha : Studijní oddělení Československého rozhlasu, 1964-
Témata:
Fyzický popis: sv.
Odebírané ročníky: 1964-68
Odebírané svazky: 2-7
Noviny a časopisy
Uloženo v:
LEADER 01961nas a22004332i 4500
001 001634409
003 CZ BrMZK
005 20180618105227.0
007 ta
008 180618c19649999xr r||| |||||||||||cze d
015 |a cnb002698779  |z cnb000527673  |z cnb000487570  |z cnb000482232 
020 |q (Brož.) 
040 |a ABD103  |b cze  |d ABA001  |e rda  |d BOA001 
043 |a e-xr--- 
072 7 |a 659  |x Reklama. Public relations. Média  |2 Konspekt  |9 4 
080 9 |a 654.195.6  |2 MRF 
080 |a 316.774(091)  |2 MRF 
245 0 0 |a Kapitoly z dějin Čs. rozhlasu 
264 1 |a Praha :  |b Studijní oddělení Československého rozhlasu,  |c 1964- 
300 |a sv. 
310 |a Vychází nepravidelně 
336 |a text  |b txt  |2 rdacontent 
337 |a bez média  |b n  |2 rdamedia 
338 |a svazek  |b nc  |2 rdacarrier 
362 0 |a 1 (1964) - 7 (1968) 
500 |a Red. Mansvet Fuksík 
610 2 7 |a Československý rozhlas  |7 ko2002101931  |2 czenas 
650 0 7 |a rozhlasové vysílání  |7 ph125254  |z Česko  |2 czenas 
650 0 7 |a dějiny médií  |7 ph496686  |z Česko  |2 czenas 
700 1 |a Fuksík, Mansvet  |7 mzk2014834206  |4 edt 
710 2 |a Československý rozhlas  |7 ko2002101931 
910 |a BOA001  |b 4-0538.317  |r 1964-68  |s 2-7 
990 |a SE 
996 6 |b 2619198018  |c 4-0538.317  |d 1968 7  |v 7  |y 1968  |l MZK  |r Sklad / do 1 hodiny  |n 1  |w 001670310  |u 000060  |a 1  |e BOA001  |j MZK50  |s P 
996 6 |b 2619198019  |c 4-0538.317  |d 1966 4  |v 4  |y 1966  |l MZK  |r Sklad / do 1 hodiny  |n 1  |w 001670310  |u 000030  |a 1  |e BOA001  |j MZK50  |s P 
996 6 |b 2619198020  |c 4-0538.317  |d 1965 3  |v 3  |y 1965  |l MZK  |r Sklad / do 1 hodiny  |n 2  |w 001670310  |u 000020  |a 1  |e BOA001  |j MZK50  |s P 
996 6 |b 2619198021  |c 4-0538.317  |d 1964 2  |v 2  |y 1964  |l MZK  |r Sklad / do 1 hodiny  |n 1  |w 001670310  |u 000010  |a 1  |e BOA001  |j MZK50  |s P 
996 6 |b BC-1856192  |c 4-0538.317  |d 1966 5  |v 5  |y 1966  |l MZK  |r Sklad / do 1 hodiny  |n 0  |w 001670310  |u 000040  |a 1  |e BOA001  |j MZK50  |s P 
996 6 |b BC-1856193  |c 4-0538.317  |d 1967 6  |v 6  |y 1967  |l MZK  |r Sklad / do 1 hodiny  |n 0  |w 001670310  |u 000050  |a 1  |e BOA001  |j MZK50  |s P